Periodic Table of Europe Quiz Stats

 Plays Quiz Updated Feb 13, 2019

Support Sporcle.
Go Orange.
Score 0/47 Timer 06:00
0 Plays Today
% Correct
UK
93%
Iceland
92.8%
Poland
92.8%
Norway
92.7%
France
92.7%
Finland
92.5%
Sweden
92.5%
Spain
92.4%
Ireland
92.4%
Austria
92.3%
Italy
92.2%
Germany
92.1%
Russia
91.9%
Denmark
91.8%
Hungary
91.3%
Estonia
91.2%
Nether-
lands
90.8%
Luxem-
bourg
90.3%
Croatia
90.3%
Portugal
90.3%
Romania
90.3%
Czechia
90%
Switzer-
land
89.3%
Latvia
89.1%
% Correct
Cyprus
89%
Greece
89%
Turkey
88.8%
Ukraine
88.8%
Belgium
88.2%
Vatican
87.7%
Serbia
86.6%
Lithuania
85.9%
Belarus
85.7%
Slovakia
85.4%
Kosovo
84.4%
Slovenia
84.4%
North Macedonia
84.1%
Andorra
83.9%
Albania
83.6%
Malta
83.1%
Bulgaria
83.1%
Monaco
78.5%
Moldova
78.3%
Bosnia
and
Herze-
govina
76.8%
Liecht-
enstein
74.5%
Montenegro
73.9%
San
Marino
73.8%

From the Vault

NFL Starting QBs (Chicago Bears)

by Ben

Sports 4m
We would like to say that this list is a who's who of the best quarterbacks to grace the NFL, but barring a couple of exceptions, it is not.
Remove Ads.
Support Sporcle.
Get the best of Sporcle when you Go Orange. This ad-free experience offers more features, more stats, and more fun while also helping to support Sporcle. Thank you for becoming a member.

Show Comments

Extras

Top Quizzes Today


Score Distribution

Your Account Isn't Verified!

In order to create a playlist on Sporcle, you need to verify the email address you used during registration. Go to your Sporcle Settings to finish the process.

Report this User

Report this user for behavior that violates our Community Guidelines.

Details: